[Event "Andorra op 39th"]
[Site "Escaldes"]
[Date "2023.07.30"]
[Round "9"]
[White "Martin, Nils"]
[Black "Pinsach Gelabert, Alexandre"]
[Result "1/2-1/2"]
[WhiteElo "1941"]
[BlackElo "2209"]
[PlyCount "97"]
[EventDate "2023.07.22"]
[EventType "swiss"]
[EventRounds "9"]
[EventCountry "AND"]
[SourceTitle "CBM 215 Extra"]
[Source "ChessBase"]
[SourceDate "2023.09.30"]
[SourceVersion "1"]
[SourceVersionDate "2023.09.30"]
[SourceQuality "1"]

1. e4 c5 2. Nf3 Nc6 3. d4 cxd4 4. Nxd4 Nf6 5. Nc3 e5 6. Ndb5 d6 7. Bg5 a6 8. Na3 b5 9. Nab1 Be7 10. Bxf6 Bxf6 11. a4 b4 12. Nd5 Bg5 13. Bc4 0-0 14. 0-0 Kh8 15. c3 Be6 16. cxb4 Nxb4 17. Nbc3 f5 18. exf5 Rxf5 19. b3 Qa5 20. Rb1 Bg8 21. Nxb4 Qxb4 22. Qd3 Raf8 23. Bxa6 Bh4 24. g3 Rf3 25. Nd5 Qg4 26. Ne3 Qh3 27. Bb7 d5 28. Bxd5 Rd8 29. Bxf3 Bxg3 30. hxg3 Rxd3 31. b4 Bb3 32. Rfc1 h5 33. a5 Rxe3 34. Bg2 Rxg3 35. fxg3 Qxg3 36. Rc5 h4 37. Kh1 h3 38. Rc8+ Kh7 39. Be4+ g6 40. Rg1 Qf4 41. Bxg6+ Kh6 42. Rh8+ Kg7 43. Rxh3 Kf6 44. Rxb3 Qh6+ 45. Kg2 Qd2+ 46. Kh3 Qh6+ 47. Kg2 Qd2+ 48. Kg3 Qf4+ 49. Kh3 1/2-1/2

[Event "Catalunya-chT Gp2"]
[Site "Barcelona"]
[Date "2022.03.19"]
[Round "9.8"]
[White "Pinsach Gelabert, Alexandre"]
[Black "Fernandez Aguado, Enrique"]
[Result "1-0"]
[WhiteElo "2124"]
[BlackElo "2267"]
[PlyCount "77"]
[EventDate "2022.01.22"]
[EventType "team-tourn"]
[EventRounds "9"]
[EventCountry "ESP"]
[SourceTitle "CBM 208 Extra"]
[Source "ChessBase"]
[SourceDate "2022.07.31"]
[SourceVersion "1"]
[SourceVersionDate "2022.07.31"]
[SourceQuality "1"]
[WhiteTeam "Figueres"]
[BlackTeam "Colon Sabadell"]
[WhiteTeamCountry "ESP"]
[BlackTeamCountry "ESP"]

1. e4 c5 2. b4 cxb4 3. a3 e6 4. d4 d5 5. e5 Nc6 6. axb4 Bxb4+ 7. c3 Be7 8. Qg4 Kf8 9. Bd3 Qc7 10. Ne2 f6 11. f4 Nh6 12. Qf3 f5 13. Na3 Bd7 14. h3 Kg8 15. Nb5 Qb6 16. 0-0 Nb4 17. Na3 Nxd3 18. Qxd3 Kf7 19. c4 Qa6 20. Qf3 Bc6 21. Qh5+ Kf8 22. cxd5 Bxd5 23. Nc3 Qc6 24. Nxd5 Qxd5 25. Nc2 b5 26. Be3 Nf7 27. Rfb1 g6 28. Qe2 a6 29. Bf2 Kg7 30. Ne3 Qe4 31. Qb2 Rhd8 32. Rf1 Kg8 33. Rad1 Qxf4 34. Qb3 Re8 35. Qxe6 Bh4 36. Qb3 Bxf2+ 37. Rxf2 Qe4 38. Nd5 Red8 39. Nf6+ 1-0

[Event "Girona-ch"]
[Site "Sant Gregori"]
[Date "2019.12.01"]
[Round "7"]
[White "Pinsach Gelabert, Alexandre"]
[Black "Saurina Suner, Francesc Xavier"]
[Result "1/2-1/2"]
[WhiteElo "2114"]
[BlackElo "1950"]
[PlyCount "197"]
[EventDate "2019.10.13"]
[EventType "swiss"]
[EventRounds "9"]
[EventCountry "ESP"]
[SourceTitle "CBM 194 Extra"]
[Source "ChessBase"]
[SourceDate "2020.03.31"]
[SourceVersion "1"]
[SourceVersionDate "2020.03.31"]
[SourceQuality "1"]

1. e4 e5 2. Nf3 Nc6 3. Bb5 f5 4. Nc3 fxe4 5. Nxe4 Nf6 6. Nxf6+ Qxf6 7. Qe2 Be7 8. Bxc6 bxc6 9. Qxe5 d6 10. Qxf6 Bxf6 11. d4 Bg4 12. Bg5 Bxf3 13. Bxf6 Bxg2 14. Rg1 gxf6 15. Rxg2 Kf7 16. Kd2 Rhg8 17. Rg3 Rab8 18. Kc3 Rbe8 19. Rag1 Rg6 20. f4 Re3+ 21. Rxe3 Rxg1 22. Kb4 Rg2 23. Rc3 Ke6 24. Ka5 Rxh2 25. Ka6 Rd2 26. Rxc6 Rxd4 27. c4 Rd2 28. b4 Rxa2+ 29. Kb7 h5 30. Kxc7 h4 31. c5 Rc2 32. Rxd6+ Kf5 33. Rd3 a5 34. bxa5 Rxc5+ 35. Kb6 Rxa5 36. Kxa5 Kxf4 37. Kb4 Kg4 38. Kc3 f5 39. Kd2 h3 40. Rd8 h2 41. Rh8 Kg3 42. Ke2 Kg2 43. Rg8+ Kh3 44. Kf2 h1N+ 45. Kf3 Kh2 46. Rh8+ Kg1 47. Rh5 f4 48. Rh4 Ng3 49. Rxf4 Nf1 50. Rg4+ Kh2 51. Kf2 Kh3 52. Rd4 Nh2 53. Rd5 Kh4 54. Rd4+ Kh3 55. Re4 Ng4+ 56. Kf3 Nh2+ 57. Kf4 Kg2 58. Re2+ Kh3 59. Rf2 Ng4 60. Rf3+ Kh4 61. Rf1 Nh2 62. Rg1 Kh3 63. Rg3+ Kh4 64. Rg1 Kh3 65. Rg8 Nf1 66. Rg1 Nh2 67. Rg3+ Kh4 68. Ra3 Ng4 69. Ra8 Nh6 70. Ra5 Ng4 71. Rg5 Nh2 72. Rb5 Ng4 73. Rb1 Nh2 74. Rb8 Kh3 75. Rg8 Nf1 76. Rg7 Nh2 77. Rc7 Kg2 78. Rc3 Nf1 79. Rc2+ Kh3 80. Ra2 Nh2 81. Ra1 Kh4 82. Ra3 Ng4 83. Ra5 Nh6 84. Rg5 Nf7 85. Rg6 Kh5 86. Kf5 Nh6+ 87. Kf6 Ng4+ 88. Kg7 Kh4 89. Rd6 Kg5 90. Ra6 Ne5 91. Ra5 Kf5 92. Kf8 Ke6 93. Ke8 Kf5 94. Ke7 Ke4 95. Ke6 Nc4 96. Rd5 Ne3 97. Rc5 Kd4 98. Rc1 Nc4 99. Rd1+ 1/2-1/2

[Event "Girona-ch"]
[Site "Sant Gregori"]
[Date "2019.10.20"]
[Round "2"]
[White "Estevez Montilla, Francesco"]
[Black "Pinsach Gelabert, Alexandre"]
[Result "1-0"]
[WhiteElo "1751"]
[BlackElo "2114"]
[PlyCount "69"]
[EventDate "2019.10.13"]
[EventType "swiss"]
[EventRounds "9"]
[EventCountry "ESP"]
[SourceTitle "CBM 194 Extra"]
[Source "ChessBase"]
[SourceDate "2020.03.31"]
[SourceVersion "1"]
[SourceVersionDate "2020.03.31"]
[SourceQuality "1"]

1. e4 c6 2. Nf3 d5 3. exd5 cxd5 4. c3 Nf6 5. Bb5+ Bd7 6. a4 e6 7. 0-0 a6 8. Bd3 Bd6 9. Re1 Bc6 10. b4 0-0 11. Bb2 b6 12. Bf1 Nbd7 13. Na3 Bb7 14. Nc2 e5 15. d3 Rc8 16. Ne3 Bb8 17. Nf5 Re8 18. Qd2 Nh5 19. h4 Qf6 20. Qg5 Qxg5 21. hxg5 Nf4 22. g3 Ng6 23. Rac1 e4 24. N3d4 Nde5 25. dxe4 dxe4 26. Rcd1 Nd3 27. Bxd3 exd3 28. f4 Be4 29. Kf2 b5 30. axb5 axb5 31. Ra1 Bxf5 32. Nxf5 d2 33. Re2 Ba7+ 34. Nd4 Bxd4+ 35. cxd4 1-0

[Event "Catalunya-ch"]
[Site "Vila Seca"]
[Date "2018.03.23"]
[Round "1.2"]
[White "Pinsach Gelabert, Alexandre"]
[Black "Guerra Mendez, Jose Angel"]
[Result "0-1"]
[WhiteElo "2113"]
[BlackElo "2531"]
[PlyCount "110"]
[EventDate "2018.03.22"]
[EventType "k.o."]
[EventRounds "4"]
[EventCountry "ESP"]
[SourceTitle "CBM 183 Extra"]
[Source "ChessBase"]
[SourceDate "2018.04.19"]
[SourceVersion "1"]
[SourceVersionDate "2018.04.19"]
[SourceQuality "1"]

1. e4 e5 2. Nf3 Nc6 3. Bb5 a6 4. Ba4 Nf6 5. 0-0 Be7 6. Re1 b5 7. Bb3 d6 8. c3 Na5 9. Bc2 c5 10. d4 Qc7 11. h3 0-0 12. Nbd2 Bd7 13. Nf1 Rac8 14. Bd3 cxd4 15. cxd4 Nc6 16. Be3 Qb8 17. Rc1 Rfe8 18. Ng3 Bd8 19. Bb1 h6 20. dxe5 dxe5 21. Nh5 Be6 22. Nxf6+ Bxf6 23. Nh2 Bg5 24. Bxg5 hxg5 25. Qh5 f6 26. h4 gxh4 27. Nf3 Ne7 28. Nxh4 Rxc1 29. Rxc1 Rc8 30. Rxc8+ Qxc8 31. Qd1 Qd7 32. Qxd7 Bxd7 33. Kf1 Kf7 34. Ke2 Ke6 35. Kd2 g5 36. Nf3 Kd6 37. b4 Be6 38. a3 Nc8 39. Ke3 Kc6 40. Nd2 Nd6 41. g3 a5 42. f4 exf4+ 43. gxf4 axb4 44. axb4 Nc4+ 45. Nxc4 bxc4 46. e5 gxf4+ 47. Kxf4 f5 48. Kg5 c3 49. Kf6 f4 50. Kxe6 f3 51. Be4+ Kc7 52. Bxf3 c2 53. Kf7 c1Q 54. Bd5 Qf4+ 55. Ke6 Qxb4 0-1

[Event "Catalunya-ch"]
[Site "Vila Seca"]
[Date "2018.03.22"]
[Round "1.1"]
[White "Guerra Mendez, Jose Angel"]
[Black "Pinsach Gelabert, Alexandre"]
[Result "1-0"]
[WhiteElo "2531"]
[BlackElo "2113"]
[PlyCount "65"]
[EventDate "2018.03.22"]
[EventType "k.o."]
[EventRounds "4"]
[EventCountry "ESP"]
[SourceTitle "CBM 183 Extra"]
[Source "ChessBase"]
[SourceDate "2018.04.19"]
[SourceVersion "1"]
[SourceVersionDate "2018.04.19"]
[SourceQuality "1"]

1. e4 c5 2. c3 Nf6 3. e5 Nd5 4. Nf3 e6 5. Bc4 d6 6. exd6 Bxd6 7. d4 0-0 8. dxc5 Bxc5 9. 0-0 Nc6 10. Nbd2 b6 11. Nb3 Be7 12. Bxd5 exd5 13. Nbd4 Nxd4 14. Nxd4 Bf6 15. Be3 Re8 16. Re1 Qd7 17. a4 a6 18. Qb3 h5 19. Qxb6 Bb7 20. Qb3 Be5 21. Qd1 g6 22. Qd2 Qc7 23. h3 Rab8 24. Re2 a5 25. Nb5 Qc4 26. Rae1 Bc6 27. Nd4 Bxa4 28. b3 Bxb3 29. Bf4 f6 30. Bxe5 fxe5 31. Rxe5 Ba4 32. Qh6 Qd3 33. Re7 1-0

[Event "Catalunya-chT GpA final"]
[Site "Barcelona"]
[Date "2018.03.10"]
[Round "1.5"]
[White "Pinsach Gelabert, Alexandre"]
[Black "Obon Temprano, Sergi"]
[Result "0-1"]
[WhiteElo "2113"]
[BlackElo "2251"]
[PlyCount "104"]
[EventDate "2018.03.10"]
[EventType "team-tourn"]
[EventRounds "4"]
[EventCountry "ESP"]
[SourceTitle "CBM 183 Extra"]
[Source "ChessBase"]
[SourceDate "2018.04.19"]
[SourceVersion "1"]
[SourceVersionDate "2018.04.19"]
[SourceQuality "1"]
[WhiteTeam "Figueres"]
[BlackTeam "Barbera"]
[WhiteTeamCountry "ESP"]
[BlackTeamCountry "ESP"]

1. e4 e5 2. Nf3 Nc6 3. d4 exd4 4. Nxd4 Bc5 5. Nxc6 Qf6 6. Qf3 dxc6 7. Nc3 Ne7 8. Qxf6 gxf6 9. Bf4 Bb6 10. Na4 Ba5+ 11. c3 Be6 12. Nc5 0-0-0 13. Nxe6 fxe6 14. Bc4 e5 15. Bh6 Rd6 16. Ke2 Ng6 17. g3 Rhd8 18. Rhd1 Kd7 19. a4 Ke7 20. f4 exf4 21. gxf4 Bb6 22. e5 Rxd1 23. Rxd1 Rxd1 24. exf6+ Kxf6 25. Kxd1 Bg1 26. h4 Bh2 27. Bg8 Bxf4 28. Bxf4 Nxf4 29. Bxh7 Ng2 30. h5 Nf4 31. h6 Kg5 32. Be4 Kxh6 33. a5 Nd5 34. Kd2 Kg5 35. Kd3 Ne7 36. Kd4 Kf6 37. b4 b6 38. c4 c5+ 39. Kc3 Ke5 40. Bg2 Kd6 41. axb6 cxb6 42. b5 Ke5 43. Bh3 Ke4 44. Be6 Nf5 45. Bg8 Ke3 46. Bh7 Nd6 47. Bg6 Ne4+ 48. Kb3 Kd4 49. Bf7 Nd2+ 50. Ka4 Nxc4 51. Bg8 Nd6 52. Bh7 Ne4 0-1

[Event "Catalunya-chT Gp1"]
[Site "Barcelona"]
[Date "2018.02.10"]
[Round "4.7"]
[White "Garcia Castellote, Daniel"]
[Black "Pinsach Gelabert, Alexandre"]
[Result "1/2-1/2"]
[WhiteElo "2030"]
[BlackElo "2113"]
[PlyCount "29"]
[EventDate "2018.01.20"]
[EventType "team-tourn"]
[EventRounds "7"]
[EventCountry "ESP"]
[SourceTitle "CBM 182 Extra"]
[Source "ChessBase"]
[SourceDate "2018.02.23"]
[SourceVersion "1"]
[SourceVersionDate "2018.02.23"]
[SourceQuality "1"]
[WhiteTeam "Peona I Peo"]
[BlackTeam "Figueres"]
[WhiteTeamCountry "ESP"]
[BlackTeamCountry "ESP"]

1. e4 e5 2. Nf3 Nc6 3. Bb5 a6 4. Ba4 Nf6 5. 0-0 Nxe4 6. Re1 d5 7. d4 exd4 8. Nxd4 Bd6 9. Nxc6 Bxh2+ 10. Kxh2 Qh4+ 11. Kg1 Qxf2+ 12. Kh2 Qh4+ 13. Kg1 Qf2+ 14. Kh2 Qh4+ 15. Kg1 1/2-1/2

[Event "Catalunya-chT Gp1"]
[Site "Barcelona"]
[Date "2018.01.27"]
[Round "2.6"]
[White "Pinsach Gelabert, Alexandre"]
[Black "Perpinya Rofes, Lluis Maria"]
[Result "0-1"]
[WhiteElo "2113"]
[BlackElo "2383"]
[PlyCount "76"]
[EventDate "2018.01.20"]
[EventType "team-tourn"]
[EventRounds "7"]
[EventCountry "ESP"]
[SourceTitle "CBM 182 Extra"]
[Source "ChessBase"]
[SourceDate "2018.02.23"]
[SourceVersion "1"]
[SourceVersionDate "2018.02.23"]
[SourceQuality "1"]
[WhiteTeam "Figueres"]
[BlackTeam "Colon Sabadell"]
[WhiteTeamCountry "ESP"]
[BlackTeamCountry "ESP"]

1. e4 c5 2. Nf3 Nc6 3. d4 cxd4 4. Nxd4 Nf6 5. Nc3 d6 6. Bg5 e6 7. Qd2 a6 8. 0-0-0 Bd7 9. f4 b5 10. Bxf6 gxf6 11. Kb1 Qb6 12. Nxc6 Bxc6 13. f5 0-0-0 14. Qe2 h5 15. a4 b4 16. Qxa6+ Qxa6 17. Bxa6+ Kc7 18. Na2 Bxe4 19. Bd3 d5 20. Bxe4 dxe4 21. Rxd8 Kxd8 22. Rf1 Be7 23. Rf4 exf5 24. Rxf5 Rg8 25. g3 h4 26. Rf4 hxg3 27. hxg3 Rxg3 28. Rxe4 Rg1+ 29. Nc1 f5 30. Rc4 Bg5 31. a5 Bxc1 32. Ka2 Be3 33. Rxb4 f4 34. Rb3 f3 35. Rd3+ Kc8 36. Rc3+ Kd7 37. Rd3+ Kc6 38. Rc3+ Kb5 0-1

[Event "Girona-ch "]
[Site "Girona"]
[Date "2017.10.29"]
[Round "4"]
[White "Pinsach Gelabert, Alexandre"]
[Black "Mendez Camarasa, Fernando"]
[Result "0-1"]
[WhiteElo "2097"]
[BlackElo "2262"]
[PlyCount "94"]
[EventDate "2017.10.08"]
[EventType "swiss"]
[EventRounds "9"]
[EventCountry "ESP"]
[SourceTitle "CBM 181 Extra"]
[Source "ChessBase"]
[SourceDate "2017.12.12"]
[SourceVersion "1"]
[SourceVersionDate "2017.12.12"]
[SourceQuality "1"]

1. d4 d6 2. c4 e5 3. e3 Nd7 4. Nc3 g6 5. h4 Ngf6 6. Be2 h5 7. Nf3 Bg7 8. dxe5 dxe5 9. e4 0-0 10. Bg5 c6 11. Qd6 Qb6 12. 0-0 Qxb2 13. Rfc1 Qb6 14. Rab1 Qc5 15. Rd1 Re8 16. Qd2 Ng4 17. Qe1 f6 18. Bc1 Bh6 19. Na4 Qe7 20. c5 Bxc1 21. Rdxc1 Nf8 22. Nd2 Nh6 23. Nc4 Nf7 24. Qa5 Be6 25. Nd6 b6 26. Qd2 Red8 27. Rd1 bxc5 28. Rb7 Rd7 29. Nxc5 Rxb7 30. Ndxb7 Rb8 31. Nxe6 Nxe6 32. Na5 Nd4 33. Bc4 Kg7 34. Nb3 Rd8 35. Nxd4 exd4 36. Bxf7 Qxf7 37. Qa5 Qd7 38. e5 fxe5 39. Qxe5+ Kh7 40. Qg5 Qd6 41. Re1 Rd7 42. Re8 d3 43. Qd2 c5 44. Qb2 Qd4 45. Qb3 c4 46. Qd1 d2 47. g3 c3 0-1

[Event "Miquel Mas op-A 18th"]
[Site "Castell de Sant Ferran"]
[Date "2017.08.12"]
[Round "4"]
[White "Gonzalez Rodriguez, Jorge Armando"]
[Black "Pinsach Gelabert, Alexandre"]
[Result "1-0"]
[WhiteElo "2274"]
[BlackElo "2105"]
[PlyCount "99"]
[EventDate "2017.08.10"]
[EventType "swiss"]
[EventRounds "9"]
[EventCountry "ESP"]
[SourceTitle "CBM 180 Extra"]
[Source "ChessBase"]
[SourceDate "2017.10.06"]
[SourceVersion "1"]
[SourceVersionDate "2017.10.06"]
[SourceQuality "1"]

1. b3 e5 2. Bb2 Nc6 3. e3 Nf6 4. Nf3 e4 5. Ne5 Nxe5 6. Bxe5 d5 7. d4 exd3 8. cxd3 Bd6 9. Bb2 0-0 10. Be2 c6 11. Nd2 Re8 12. 0-0 Bc7 13. a3 Qd6 14. g3 g6 15. Re1 h5 16. Nf3 Ng4 17. Qd2 Qf8 18. Qc3 Qh6 19. Bf1 Ne5 20. Nd4 h4 21. Bg2 hxg3 22. hxg3 Ng4 23. Nf3 Ne5 24. e4 Nxf3+ 25. Bxf3 d4 26. Qxd4 Be5 27. Qxe5 Rxe5 28. Bxe5 Be6 29. Bf6 Kf8 30. b4 Ke8 31. d4 g5 32. e5 Kd7 33. b5 Bd5 34. bxc6+ bxc6 35. Bxd5 cxd5 36. e6+ fxe6 37. Be5 Ke7 38. Rac1 Rd8 39. Rc6 g4 40. Bf4 Qg6 41. Rexe6+ Qxe6 42. Bg5+ Kd7 43. Rxe6 Rg8 44. Re5 Kd6 45. Bf4 Kc6 46. Rg5 Re8 47. Rxg4 Re1+ 48. Kg2 Ra1 49. Rg6+ Kb5 50. Bd6 1-0